000 00280nam a22001217a 4500
008 180903b xxu||||| |||| 00| 0 eng d
041 _aeng
080 _a331
100 _a58
101 _aBIZ
245 _aThe 25 most common problems in Business
_cZabloski, J
942 _2udc
_cBK
999 _c47456
_d47456